000 01008nam a22002177a 4500
999 _c12282
_d12282
003 AR-CdUCM
008 190408b ||||| |||| 00| 0 spa d
040 _aMUNICIPALIDAD PROVINCIAL DEL CUSCO
_cBIBLIOTECA MUNICIPAL DEL CUSCO
082 _a345.7C2 /
_bL21 / 1899
_22ed.
100 _aLama, Miguel Antonio de la
_928722
245 _aCódigo civil con citas, notas, concordancias y un apéndice de leyes, decretos, resoluciones, reglamentos, circulares, ordenes, instrucciones, acuerdos y ejecutorias hasta el 30 de junio de 1899 /
260 _aLima :
_bLibrería e imprenta Gil,
_c1899.
300 _a792 paginas ;
_c19 cm.
505 _aContenido : De las personas y sus derechos -- De las personas según el estado civil -- Del matrimonio -- De la paternidad -- De los registros del estado civil...
650 _aDerecho Peruano
_921203
650 _aCódigos
_930059
650 _aDisposiciones generales
_928280
650 _aEstado civil
_97383
942 _2ddc
_cLIBROS
945 _awnts
_d2019-04-08